00453cam a22001934a 45000010009000000050017000090080041000260100017000670200015000840350022000990400018001210410008001390420008001470800013001550820017001681000007001851010007001922450060001991294106820180208081317.0020923s2004 ohua 001 0 eng  a 2002113505 a0324180756 a(DLC) 2002113505 aDLCcDLCdDLC aeng apcc a657 ANT 00a657 ANT 2221 a61 aKF10aFinancial accounting /cRick Antle, Stanley J. Garstka.